Central Library and Information Centre
Sibsagar Girls' College, Sivasagar : Assam

SNATAK MAHALAR RAJNAITIK TATTWA (Record no. 20231)

MARC details
000 -LEADER
fixed length control field 00432cam a2200181ua 4500
008 - FIXED-LENGTH DATA ELEMENTS--GENERAL INFORMATION
fixed length control field 160512n II |||gr||||Z||||||asm
040 ## - CATALOGING SOURCE
Original cataloging agency MAIN
041 ## - LANGUAGE CODE
-- English
082 ## - DEWEY DECIMAL CLASSIFICATION NUMBER
Classification number 320.11 GOH
100 ## - MAIN ENTRY--PERSONAL NAME
Personal name GOHAIN, NABIN.,
Relator term AUT.
245 ## - TITLE STATEMENT
Title SNATAK MAHALAR RAJNAITIK TATTWA
250 ## - EDITION STATEMENT
Edition statement 3RD.
260 ## - PUBLICATION, DISTRIBUTION, ETC.
Place of publication, distribution, etc. JORHAT:
Name of publisher, distributor, etc. BIDYA BHAWAN,
Date of publication, distribution, etc. 2014.
300 ## - PHYSICAL DESCRIPTION
Extent 343:
Dimensions 20 CM.
942 ## - ADDED ENTRY ELEMENTS (KOHA)
Koha item type Books
653 ## - INDEX TERM--UNCONTROLLED
Uncontrolled term Political Theories
Holdings
Withdrawn status Lost status Damaged status Not for loan Collection code Home library Current library Shelving location Date acquired Total Checkouts Full call number Barcode Date last seen Date last checked out Copy number Price effective from Koha item type Public note
        TBPSC Central Library and Information Centre Sibsagar Girls College Central Library and Information Centre Sibsagar Girls College POLITICAL SC BOOK RACK 22.08.2014 2 320.11 GOH 30966 17.03.2021 15.02.2021 1 27.02.2020 Books V
        TBPSC Central Library and Information Centre Sibsagar Girls College Central Library and Information Centre Sibsagar Girls College POLITICAL SC BOOK RACK 22.08.2014   320.11 GOH 30967 27.02.2020   2 27.02.2020 Books V
        TBPSC Central Library and Information Centre Sibsagar Girls College Central Library and Information Centre Sibsagar Girls College POLITICAL SC BOOK RACK 22.08.2014 2 320.11 GOH 30968 12.04.2021 24.12.2020 3 27.02.2020 Books V
        TBPSC Central Library and Information Centre Sibsagar Girls College Central Library and Information Centre Sibsagar Girls College Political Science Rack 22.08.2014   320.11 GOH 30969 27.02.2020   4 27.02.2020 Books  
        TBPSC Central Library and Information Centre Sibsagar Girls College Central Library and Information Centre Sibsagar Girls College Political Science Rack 22.08.2014   320.11 GOH 30970 27.02.2020   5 27.02.2020 Books  
        TBPSC Central Library and Information Centre Sibsagar Girls College Central Library and Information Centre Sibsagar Girls College Political Science Rack 22.08.2014   320.11 GOH 30971 27.02.2020   6 27.02.2020 Books  


Sibsagar Girl's College © 2020. All rights reserved.
Powered by Koha.
Maintained by Abhijit Borpuzari.